000 00707nam a2200205Ia 4500
003 GCL
008 140319s9999 xx 000 0 ara d
040 _aGCL /
_cGCL
082 0 4 _a928.5
_bط م
100 1 _aطه فوزى
245 1 0 _aمن الادب الايطالى: 1 - فرانشيسكو بتراركا , 2 - فيتوريو الفييرى , 3 - اوجو فوسكولو /
_cطه فوزى
300 _a250 ص
490 _aالالف كتاب
_v0
650 0 4 _aالادب الايطالى
650 0 4 _aبتراركا , فرانشيسكو
650 0 4 _aالفييرى , فيتوريو
650 0 4 _aفوسكولو , اوجو
650 0 4 _aالشعراء الايطاليون
942 _2ddc
_cBK
999 _c45402
_d45402